[Event "EU-Cup 20th"]
[Site "Izmir"]
[Date "2004.10.03"]
[Round "1.2"]
[White "Agopov, Mikael"]
[Black "Grischuk, Alexander"]
[Result "0-1"]
[WhiteElo "2393"]
[BlackElo "2704"]
[Annotator "Lukacs,P"]
[PlyCount "86"]
[EventDate "2004.10.03"]
[EventType "team-swiss"]
[EventRounds "7"]
[EventCountry "TUR"]
[SourceTitle "CBM 104"]
[Source "ChessBase"]
[SourceDate "2005.01.27"]
[SourceVersion "1"]
[SourceVersionDate "2005.01.27"]
[SourceQuality "1"]
[WhiteTeam "Matinkylan"]
[BlackTeam "Paris NAO"]
[WhiteTeamCountry "FIN"]
[BlackTeamCountry "FRA"]

1. e4 c6 2. d4 d5 3. Nc3 dxe4 4. Nxe4 Bf5 5. Ng3 Bg6 6. h4 h6 7. Nf3 Nd7 8. h5
Bh7 9. Bd3 Bxd3 10. Qxd3 Ngf6 11. Bf4 Qa5+ 12. Bd2 Qc7 13. O-O-O e6 14. Ne4
O-O-O 15. g3 Nxe4 (15... Be7 {- Anand-Leitao, Sao Paolo rapid 2004 CBM 103}) (
15... Nc5 {- Kir.Georgiev-Nisipeanu, FIDE-Wch k.o. New Delhi/Theran 2000 CBM 81
}) 16. Qxe4 Bd6 (16... Be7 {This variation needs a lot of finesse from both
players. The B may go to f6 or d6 as well, Black's position is very flexible.}
17. Qe2 {This is an important prophylactical move, the Q is vulnerable on e4,
now Nf6 will not come by a tempo.} (17. Bf4 {leads only to mass exchanges after
} Bd6 18. Bxd6 Qxd6 19. Ne5 Nxe5 20. dxe5 {The P structure is a bit better for
White, but with queens and rooks it is hard to achieve anything concrete.} Qc5
21. Qf4 Rhf8 22. a3 Qe7 $11 {Psakhis-Korchnoi, FIDE Wch k.o. 2001}) (17. c4 Bf6
{If the Bc3 plan is threatened, Black's B is excellent on f6. However he
should have waited until Bc3 really comes.} 18. Kb1 c5 19. Bf4 {This is the
point, there is no Bd6.} Qb6 20. Ne5 Nxe5 21. dxe5 Rxd1+ 22. Rxd1 Rd8 23. Rxd8+
Bxd8 24. Bd2 {With bishops on the board White has some chances in the _|_ due
to the fixed targets >< g7 and h6 and the space advantage.} f5 25. exf6 Bxf6
26. b3 $14 {Konguvel-Ravi, New Delhi 2001}) (17. Kb1 Rhe8 18. Qe2 {- 17.Qe2} (
18. Bc1 {doesn't look very important here.} Bd6 19. Nd2 {/\ Nc4} Nf6 (19... Nb6
$5) 20. Qf3 Qa5 21. Nc4 Qd5 22. Nxd6+ Rxd6 23. Qa3 a6 24. Rhe1 Red8 (24... Re7
$2 25. Re5 $18 {Lanc-Garcia Palermo, Cuba 1987}) 25. Bf4 R6d7) (18. c4 c5 19.
Bf4 Bd6 {The exchange of the bishops usually helps for Black.} 20. Ne5 (20.
Bxd6 Qxd6 $11 {Geller-Vukic, Novi Sad 1978}) 20... Re7 $1 $11 {Gheorghiu-Hort,
Havana ol 1966} (20... f5 $2 {is met by the typical blow} 21. Nf7 $1 Nf6 22.
Nxd6+ Qxd6 23. Qe2 $16) (20... Nxe5 21. dxe5 Be7 (21... Bf8 $2 22. Be3 $14 {
and White has a space advantage and a better B, Geller-Hort, Skopje 1968.}))))
17... Rhe8 (17... c5 $6 {is now impossible because of} 18. d5 $1 {Here we see
the idea of 17.Qe2} Nf6 19. Ne5 $16) (17... Nf6 {is met by} 18. Ne5 {>< f7,
this is the ideal position for the N.} Bd6 (18... Rhf8 $2 19. Nxf7 $1 $18) 19.
c4 c5 20. Bc3 cxd4 21. Bxd4 Bxe5 22. Bxe5 Qc6 23. g4 $14 {and the B is
superior to the N.}) 18. Kb1 {- 17.Qe2} (18. Rhe1 {is not so important,
because the R has other duties, for example defending >< h5.} Nf6 19. Bf4 Qa5
20. Qe5 Qxe5 21. Nxe5 Rf8 22. g4 Nd5 $11 {/\ Bg5 >< f4, Kuczynski-Garcia
Palermo, Cuba 1987}) 18... Kb8 (18... c5 $2 {is still inferior because of} 19.
Bf4 Bd6 20. Bxd6 Qxd6 21. dxc5 Qxc5 22. Rd3 $16 {with nasty threats on the d
and c lines, Kasparov.}) (18... Bf8 19. Bc1 (19. c4 {/\ Bc3 looks more to the
point now, because there is no Bf6.} c5 20. Bc3 Kb8 $6 {/\ Ka8, but this
manoeuvre is not always recommended. In an _|_ the K is too far from the [+],
and it also takes time.} 21. Rhe1 cxd4 22. Nxd4 {/\ Nb5} a6 23. Nb3 Ka8 (23...
Qc6 24. Qd3 $14 {pinning the N on the d <->, here the K would have been better
on c8!}) 24. Qf3 Nc5 {(Balashov-Hubner, Wijk aan Zee 1982)} 25. Ba5 $1 $16 {
This is a typical threat here.}) 19... Bd6 20. Rhe1 {White has to fight
against the freeing move e6-e5.} Qa5 21. Nd2 Nf6 22. g4 {at least the problem
of >< h5 is solved.} Bc7 23. c4 $1 $14 {Timman} (23. Nb3 $143 Qd5 24. f3 {
(Timman-Portisch, m/2 Antwerpen 1989)} b5 $1 $11 {blockading the vital light
squares.})) (18... Bd6 19. Rhe1 Nf6 (19... e5 $6 {founders on the pin after}
20. dxe5 $14) (19... Re7 $6 20. c4 c5 21. Bc3 {The long /^ is the ideal place
for the B attacking >< g7.} Nf6 22. Ne5 cxd4 23. Bxd4 $1 (23. Rxd4 Bxe5 24.
Rxd8+ Qxd8 25. Bxe5 Qa5 $1 $14 (25... Rd7 $6 {The d <-> is not so important,
if there is no dangerous penetration.} 26. Bc3 Qb6 27. g4 $1 Qd6 28. f3 $14 {
with an ideal P structure on the >>, Kasparov-Vukic, Skara EU-chT 1980.}))
23... Bxe5 (23... Bb4 24. Rh1 Bc5 25. Bc3 $16 {White has to keep his strong B
on the long /^.}) 24. Bxe5 Rxd1+ 25. Rxd1 Qc6 26. g4 Rd7 27. Re1 $1 $16 {
and the d <-> is again not that important, Kasparov.}) 20. Ne5 c5 (20... Bxe5
21. dxe5 $14 {with a huge space advantage}) 21. dxc5 (21. Bc1 $14) 21... Bxe5
22. Qxe5 Qxe5 23. Rxe5 Rd4 24. Kc1 Red8 25. f3 Nd7 26. Re2 $5 (26. Ree1 Nxc5
27. g4 $5 (27. Bc3 Rxd1+ 28. Rxd1 Rxd1+ 29. Kxd1 {Here White's small advantage
cannot be converted into a win in the _|_.} f6 $11 {Geller-Kasparov, SU ch 1978
})) 26... Nxc5 27. Rde1 $14 {and again there is no penetration on the d <->.})
19. c4 Ka8 20. Rhe1 {Both players are running out of useful prophylactical
moves which still avoid any serious decision.} c5 21. Bf4 {This is the correct
reaction, if Bd6 is not possible.} Qc8 (21... Bd6 22. Bxd6 Qxd6 23. Ne5 Nxe5
24. dxe5 {+/=/=}) 22. g4 $5 (22. Ne5 Nxe5 23. dxe5 Rxd1+ (23... Bg5 $6 {
Black wants to get rid of the passive B, but this creates weaknesses in his P
structure.} 24. Bxg5 hxg5 25. Qe3 Rxd1+ 26. Rxd1 Rd8 27. Rd2 $16 {
Balashov-Guseinov, Tallin 1983}) 24. Rxd1 Rd8 {+/=/= again, because the black
B is still passive.}) 22... Nf6 $1 $13 {- Lutz-Dautov, Essen 2002 CBM 90}) (
16... Nf6 17. Qe2 Bd6 18. c4 (18. Kb1 {- Ramesh-Koneru, Goodricke 12th op 2001
CBM 82}) 18... c5 {- Kuczynski-Piket, EU-ch 2nd Ohrid 2001 CBM 84}) 17. Kb1 (
17. c4 c5 18. d5 Nf6 {- Milos-Izeta Txabarri, Santos Mario Covas 2001 CBM 82})
17... Nf6 (17... Rhe8 18. Qh7 $5 {- Kramnik-Leko, Wch Brissago SUI (m 12) 2004}
) 18. Qe2 {- Ramesh-Koneru, Goodricke 12th op 2001 CBM 82} Rhe8 19. c4 c5 20.
dxc5 {'?!'} (20. Bc3 {is the well-known main line here.} cxd4 (20... Qc6 21.
Rh4 {This is a usual way for White to bring his R into action.} (21. Rde1 cxd4
22. Nxd4 Qb6 23. Nb3 Bc7 24. f4 Rd7 25. Rhf1 Red8 26. g4 Qc6 $11 {
Karpov-Adianto, Cap d'Agde KO rapid 1998}) 21... Bc7 (21... Rd7 22. a3 cxd4 23.
Nxd4 Qa6 24. Nb5 e5 25. Rhh1 $14 {Velimirovic-Akesson, Bela Crvka 1984}) 22.
Rd2 (22. Rc1 a6 23. Ka1 cxd4 24. Nxd4 Qc5 25. Nb3 Qf5 26. c5 Qd3 $11 {G.
Timoshenko-Guliev, Berliner Sommer 1993}) (22. a3 Rd7 23. Ne5 Bxe5 24. Qxe5
Red8 25. Rc1 {White has to give up the d <->, his rooks do not work together.}
cxd4 26. Bxd4 b6 27. Be3 Ne8 $11 {Riemersma-Guliev, Petersburg 1995}) 22...
cxd4 23. Nxd4 Qc5 24. Nb5 Rxd2 25. Bxd2 Rd8 26. Be3 Qf5+ 27. Kc1 a6 28. Nxc7
Kxc7 29. Bf4+ Kc8 30. Qe5 Qxe5 31. Bxe5 Rd7 {+/=/= with a typical _|_ for this
opening, Shaposhnikov-Guliev, Petersburg 1995.}) 21. Nxd4 (21. Bxd4 e5 22. Bc3
(22. Be3 Kb8) 22... Qd7 23. Ka1 Qf5 $13) 21... a6 {- Ramesh-Koneru, Goodricke
op 2001 CBM 82}) 20... Qxc5 21. Be3 Qf5+ 22. Ka1 Bb8 (22... Kb8 23. Nd4 Qg4 24.
f3 Qxg3 25. Nb5 $16) 23. Nd4 Qg4 24. Qc2 {'?!'} (24. Qd3 $142 e5 $142 (24...
Nxh5 25. f3 Qg6 26. Qa3 a6 27. Nc6 $3 $18) (24... Qe4 25. Qa3 $1 Nd7 (25... a6
26. f3 $1 Qh7 27. Nc6 $1 Rxd1+ 28. Rxd1 $16) 26. f3 $16) 25. Qf5+ Qxf5 26. Nxf5
Nxh5 (26... Rxd1+ 27. Rxd1 Nxh5) 27. Rxd8+ Rxd8 28. Kb1 g6 29. Nxh6 Rd7 30. Kc2
$14) 24... Qe4 25. Qxe4 (25. Qa4 $5 Ng4 26. Rhe1 Nxe3 27. Rxe3 $13) 25... Nxe4
{White pushes the _|_ too hard, he had to realize that Black has a very
comfortable game already.} 26. g4 (26. Kb1 a6 $11) 26... Bf4 27. Bxf4 Nxf2 28.
Nb5 {'?'} (28. Rdf1 $1 {was the last chance to continue the fight.} Nxh1 29.
Ne2 (29. Nb5 $2 e5) 29... f5 $1 (29... e5 30. Bc1 (30. Be3 $2 Rd3) 30... Rd3
31. Rxh1 Red8 32. Kb1 $14) 30. Rxh1 e5 (30... fxg4 31. Rg1 e5 32. Be3) 31. Be3
f4 $1 32. Bxa7 Rd2 (32... f3 33. Nc3 e4 34. Be3 $16) 33. Re1 $1 (33. Nc3 e4 $36
) 33... f3 34. Nc3 e4 35. Be3 Rg2 36. Kb1 Rxg4 $13) 28... Rxd1+ 29. Rxd1 Nxd1
30. Nd6+ Kd7 {'-+' and White is completely lost in the _|_.} 31. Nxe8 Kxe8 32.
g5 hxg5 33. Be5 (33. Bxg5 f6 $19) 33... Ne3 34. Bxg7 f5 35. Bh6 Nxc4 36. Bxg5
Kf7 {'-+'} 37. Kb1 Nd6 38. Kc2 Ne4 39. Be3 a6 40. Kd3 Nf6 41. h6 Ng4 42. Bd2
Kg6 43. Kd4 e5+ 0-1

[Event "EU-Cup 20th"]
[Site "Izmir"]
[Date "2004.10.07"]
[Round "5.2"]
[White "Grischuk, Alexander"]
[Black "Vaganian, Rafael A"]
[Result "1-0"]
[WhiteElo "2704"]
[BlackElo "2640"]
[Annotator "Psakhis,L"]
[PlyCount "83"]
[EventDate "2004.10.03"]
[EventType "team-swiss"]
[EventRounds "7"]
[EventCountry "TUR"]
[SourceTitle "CBM 104"]
[Source "ChessBase"]
[SourceDate "2005.01.27"]
[SourceVersion "1"]
[SourceVersionDate "2005.01.27"]
[SourceQuality "1"]
[WhiteTeam "Paris NAO"]
[BlackTeam "Ekaterinburg Max Ven"]
[WhiteTeamCountry "FRA"]
[BlackTeamCountry "RUS"]

1. e4 e6 2. d4 d5 3. Nc3 Bb4 4. e5 c5 5. a3 Ba5 6. b4 cxd4 7. Qg4 (7. Nb5 Bc7
8. f4) 7... Ne7 8. bxa5 dxc3 9. Qxg7 Rg8 10. Qxh7 Nbc6 11. f4 (11. Nf3 Qc7 12.
Bf4 Bd7 13. Bd3 O-O-O 14. Bg3 $11 Qxa5 15. O-O Rdf8 16. Rfe1 Kb8 $132 {0-1
Gregory,P-Rendle,T/Portsmouth op 2003/(43)}) 11... Qxa5 12. Nf3 Bd7 13. Rb1 (
13. Ng5 O-O-O $5 (13... Rxg5 $5) 14. Nxf7 Nf5 15. Nxd8 Qxd8 16. Qh3 Ncd4 17.
Qxc3+ Kb8 18. g3 Qb6 19. Bd3 Rc8 20. Qb4 Bb5 $44 {0-1 Van der Weide,K-Werle,J/
Groningen SON-ON 2001 (24)}) 13... O-O-O 14. Qd3 d4 (14... Nf5 15. Rg1 d4 (
15... Rg4 16. g3 Rh8 17. Kf2 Qc5+ 18. Be3 Qxa3 19. Rb3 Qa4 20. Rxc3 d4 21. Bxd4
Nfxd4 22. Qxd4 Rxh2+ 23. Rg2 Qxd4+ 24. Nxd4 Rh1 25. Bb5 $14 {1-0 Vescovi,
G-Lputian,S/Poikovsky 2003/CBM 95 (40)}) 16. g4 Nfe7 17. Rg3 Be8 18. h4 Nf5 19.
Rg1 Ne3 20. Bxe3 dxe3 21. Qxe3 $16 {Anand-Khalifman (Linares 2000)}) (14... a6
{This move has become quite popular in the last couple of years.} 15. g3 $1 (
15. Ng5 $6 Rxg5 $1 (15... Be8 16. h4) 16. fxg5 Nf5 17. Bf4 Qxa3 $44 18. Rb3 Qa4
19. g3 d4 $36 {[%cal Gc6a5] 1-0 Anand,V-Khalifman,A/Dortmund 2000 (47)}) 15...
Nf5 16. Bh3 $146 (16. Bg2 Qc5 17. Rb3 d4 18. Ng5 Rxg5 19. fxg5 Qxe5+ (19... Na5
$5 20. Rb4 Bb5 21. Rxb5 axb5 22. Bf4 Ne3 23. Bf3 Nac4 $36 {0-1 Andriasian,
Z-Gaehler,M/EUR-ch B14 Halkidiki 2003 (36)}) 20. Kf2 Qc5 21. Re1 Nd6 22. Bf4
Nc4 23. Kg1 e5 $44 {0-1 Tirard,H-Zontakh,A/Krakow 2001 58)}) 16... Nce7 (16...
d4 17. Bxf5 exf5 18. Nxd4 Qd5 (18... Nxd4 19. Qxd4 Bc6 20. Qc4) 19. Nf3 $14)
17. g4 (17. Rb3 $5 {[%csl Rc3]}) 17... Rh8 $5 18. Ng5 (18. Bg2 Nh4 19. Nxh4
Rxh4) 18... Nh6 {[%csl Rh6]} 19. Rg1 $6 (19. Rb3 $142 Bc6 20. Qd4 $5 $36 {
with very complicated struggle where White has slightly better prospects.})
19... Bb5 {[%csl Gb5]} 20. Qf3 Nc6 21. Bf1 (21. Qf2 d4 $5 22. Ne4 d3 $132)
21... Nd4 22. Qf2 Qa4 $8 $132 {0-1 Belov,V-Ivanov,S/RUS-ch qual St Petersburg
2004/CBM 102/[Psakhis] (39)} (22... Bxf1 23. Qxd4 Bc4 24. Rb4 {[%csl Rc3]}))
15. g3 (15. Nxd4 Nxd4 16. Qxd4 Bc6 17. Qc4 Kb8 18. Rg1 $44) (15. Rb5 $6 Qc7 16.
a4 a6 17. Rb1 Qa5 18. Qc4 Qd5 19. Qxa6 Nb4 $1 20. Qe2 Nec6 21. Kf2 Qa2 22. Rxb4
Nxb4 23. Nxd4 Bxa4 $17 {Arachamia-Kindermann (Wien 1996)}) 15... Qd5 (15... Kb8
$142 {/\ b7-b6, Bd7-c8-a6} 16. Be2 $5 {>< a6-f1, Lutz-Korchnoi, GER-SUI 2002} (
16. Bg2 Bc8 17. Ng5 $5 Rg7 (17... Rxg5 18. fxg5 Nxe5 19. Qe4 {/\ 20.0-0 +/-}) (
17... b6 $5 18. Bxc6 $2 (18. Qb5) 18... Nxc6 (18... Rxg5 $143) 19. Nxf7 Ba6 $1
20. Nxd8 Rxd8 21. Qe4 d3 $1 $36 22. Be3 (22. cxd3 c2+ 23. Rb4 Qc5 $5) 22...
dxc2 23. Rc1 Qb5 $1 $19 24. Rxc2 Bb7 25. Kf2 Nd4 {0-1 Kulaots,K-Vaganian,R/
Calvia Olympiad 2004/Chess Today/[Golubev]}) 18. h4 b6 $5 19. Qb5 Qxb5 20. Rxb5
Bb7 21. h5 d3 22. cxd3 Nd4 23. Bxb7 Kxb7 24. Rb1 Nef5 $132 {Lutz}) 16... Ka8
17. Kf2 Be8 {/\ f7-f6, Be8-g6} 18. Rd1 {>< Pd4} Nf5 (18... f6 $2 19. exf6 Bg6
20. fxe7 Bxd3 21. exd8=Q+ Rxd8 22. Bxd3 $18) 19. Qc4 $1 {/\ Be2-d3-e4} (19. Qe4
$2 f6 20. exf6 Nd6 21. Qxe6 Bf7 22. Qh3 Bg6 23. Bd3 Bxd3 24. Rxd3 Qd5 $132 {|^}
) (19. Qb5 Qc7 20. Qc4) 19... a6 (19... Ne3 $5 20. Bxe3 dxe3+ 21. Kxe3 Rxd1 22.
Rxd1 Ne7 23. Kf2 Ba4 24. Nd4 Nd5 25. Bf3 $16) (19... f6 20. Qxe6 Bd7 21. Qb3
$16) 20. a4 {1-0 Lutz,C-Kortchnoi,V/GER-SWZ Berlin 2002 Lutz} (20. Qb3 $2 b5))
(15... Be8 16. Bg2 $5) 16. Bg2 Qa2 17. Rb5 (17. Rb3 $5 Na5 $140 18. Nxd4 Nxb3
19. Qxc3+ Bc6 20. Nxc6 Nxc6 21. Bxc6 Kb8 22. Qxb3 Qxb3 23. cxb3 bxc6 24. Ke2
$16 {[%csl Gh2]}) 17... a6 (17... Nd5 $5) 18. Rc5 Kb8 {'N' This novelty
doesn't change much the character of position: White has clear advantage, and
Black must be ready for long defence.} (18... Qb1 19. O-O Qb6 20. Qc4 $6 (20.
Qxd4 $1 $18) 20... Kb8 21. Nxd4 Nxd4 22. Qxd4 Bb5 23. Qb4 Nd5 24. Bxd5 Rxd5 25.
Be3 Qd8 26. Re1 Qh4 {Devide,Z-Testor,S/Aschach Donau op 2002/ 1-0 (59)}) 19.
O-O Na7 {'?!'} ({Being fully aware of what is going to happen, I would
recommend the following for Black:} 19... Be8 $5 {keeping important d4 pawn on
the board.}) 20. Nxd4 {'!'} Bb5 (20... Nb5 21. Ne2 {[%cal Ge2c3]}) 21. Qe4 Nd5
(21... Rd5 22. Nxb5 Nxb5 23. a4 Nd4 24. Rxd5 Qxd5 25. Ba3 $18) 22. Nxb5 axb5 (
22... Nxb5 23. a4 Na7 24. Rxc3 $1) 23. f5 {'!?' White completely ignores his
Queen-side and continues King-side actions!} ({Another promising possibility
was} 23. Rxc3 $5 Rc8 $140 24. Rxc8+ Rxc8 25. Rf2 Qb1 26. Qe1 Rxc2 27. Rxc2 Qxc2
28. Be4 $18) 23... Qa1 24. Qe2 (24. Qd3 $5 {[%cal Gg2d5]}) 24... Qa2 25. fxe6 (
25. Qh5 $5 Rd7 26. fxe6 fxe6 27. Qh6 {[%csl Re6]}) 25... fxe6 26. Rd1 {White's
advantage can be seen with the naked eye.} Ne7 (26... Nc6 27. Rxb5) 27. Rxc3 {
Black simply lost his pawns without getting anything for them!} Rc8 (27...
Rxd1+ 28. Qxd1 Qa1 29. Rd3 $18) 28. Rxc8+ Rxc8 29. Qf3 Rc7 (29... Nd5 30. Bh3
Rc6 31. Bxe6 $1 Rxe6 32. Qxd5 Qxd5 33. Rxd5 $18) 30. Qb3 {Grischuk tends
toward simplifications, trying to avoid any surprises.} (30. Bg5 $5 {[%cal
Gh2h4]}) 30... Qxc2 31. Qxc2 Rxc2 32. h4 {'+-!'} Rc3 33. Kh2 (33. Kf2 $5) 33...
Nf5 34. Bf4 Nc6 35. h5 Kc7 36. h6 Rxa3 37. g4 (37. h7 Ra8 {[%cal Ga8h8]}) 37...
Nh4 38. Be4 Ne7 {'[]'} 39. Bg5 Nhg6 40. Bxe7 Nxe7 41. h7 Ra8 42. g5 1-0

[Event "Olympiad-36"]
[Site "Mallorca"]
[Date "2004.10.17"]
[Round "3"]
[White "Grischuk, Alexander"]
[Black "Hillarp Persson, Tiger"]
[Result "1-0"]
[WhiteElo "2704"]
[BlackElo "2523"]
[Annotator "Erenburg,S"]
[PlyCount "83"]
[EventDate "2004.10.15"]
[EventType "team-swiss"]
[EventRounds "14"]
[EventCountry "ESP"]
[SourceTitle "CBM 104"]
[Source "ChessBase"]
[SourceDate "2005.01.27"]
[SourceVersion "1"]
[SourceVersionDate "2005.01.27"]
[SourceQuality "1"]
[WhiteTeam "Russia"]
[BlackTeam "Sweden"]
[WhiteTeamCountry "RUS"]
[BlackTeamCountry "SWE"]

1. d4 g6 2. e4 Bg7 3. Nc3 d6 4. f4 a6 5. Nf3 b5 6. Bd3 Nd7 7. e5 {Probably the
most principled way to fight for an advantage. White limits the possibilities
of the dark-squared bishop, and, at the same time, increases space advantage.}
(7. a4 $5 {is another legitimic way to fight for an advantage.} b4 8. Ne2 c5 9.
c3 $14) 7... Bb7 {Other possibilites are:} (7... c5 {1-0 Karjakin,S-Hillarp
Persson,T/Benidorm 2003/CBM 99/[Erenburg] (25)}) (7... e6 {See 1-0 Kosteniuk,
A-Meshkov,Y/Moscow 2002/CBM 88/[Gofshtein,L] (30)}) (7... f5 $6 {1-0 Yemelin,
V-Chepukaitis,G/St Petersburg 2004/[Erenburg] (38)}) 8. Be4 $5 {White trades
the light-squared bishop in order to take control over the light squares. The
alternatives are:} (8. a4 {1-0 Kundin,A-Chernomordik,P/Israel 2004/CBM 99/
[Kundin] (32)}) (8. Qe2 Nh6 9. a4 b4 10. Ne4 O-O 11. c3 bxc3 12. bxc3 c5 13.
O-O Qc7 14. e6 Nf6 15. Neg5 cxd4 16. exf7+ Nxf7 17. Ne6 Qxc3 18. Bb2 Qa5 19.
Nfxd4 Rfe8 20. Nxg7 Kxg7 21. Ne6+ Kg8 22. f5 g5 23. h4 h6 24. hxg5 hxg5 25.
Rae1 Ne5 26. Qe3 Nh7 27. Nxg5 {1-0 Svidler,P-Lobron,E/Mainz 2002/CBM 89 ext 
(27)}) 8... Qc8 $146 {According to my database, this position appeared for the
first time. Black tried also} (8... Rb8 9. Bxb7 Rxb7 10. O-O Nb6 11. a4 b4 12.
Ne4 a5 13. Qe2 Ra7 14. e6 f5 15. Neg5 Nh6 16. c4 O-O 17. h3 c6 18. b3 Na8 19.
Be3 Nc7 20. Rad1 Ne8 21. d5 $18 {1-0 Alekseev,E-Chepukaitis,G/St Petersburg
2002/CBM 86 ext (41)}) 9. Qe2 {All last white's moves are directed to prevent
black's smooth development.} e6 10. d5 $1 {That was white's main opening idea.
White opens up the game, using the development and space advantages.} Nc5 {
Black tries to prevent from white to worsen black's pawn structure. Other
continuations didn't promise equality as well:} (10... b4 11. dxe6 fxe6 12. Nd1
(12. exd6 bxc3 13. Bxb7 Qxb7 14. Qxe6+ Kf8 $19) 12... dxe5 13. fxe5 Ne7 14. Bg5
$14) (10... exd5 11. Nxd5 c6 12. Nf6+ Ngxf6 13. exf6 Bxf6 14. Bxc6+ Kf8 15.
Bxb7 Qxb7 16. O-O $14) 11. dxe6 Nxe6 ({After} 11... fxe6 12. Bxb7 Nxb7 (12...
Qxb7 13. Be3 $32) 13. Be3 $14 {the position favours white as well...}) 12. exd6
Bxc3+ {It is the only way to avoid big material loses...} (12... cxd6 13. Nxb5
$1 $16) 13. bxc3 Bxe4 14. d7+ $1 {White's development advantage is temporar,
so he must to act decisevly.} ({Worse is} 14. Qxe4 cxd6 15. O-O Nf6 16. Qd3 O-O
$13) 14... Qxd7 15. Qxe4 {Everything with the tempo! Now black has to lose the
time to move away the rook from the long diagonal.} Rd8 16. O-O $32 Qd5 ({
Black doesn't succeed to neutralize white's activity after} 16... Nf6 {as well:
} 17. Qe5 Qe7 18. c4 $1 Qc5+ 19. Qxc5 Nxc5 20. Bb2 $16) 17. Qxd5 Rxd5 18. c4 $1
{opening the big diagonal for the dark-squared bishop.} bxc4 19. Bb2 f6 20.
Rae1 Kf7 21. Re4 $16 {White's pieces are located very actively. He is going to
win back the c4 pawn, and black will face serious problems with completing the
development. All these factors promise white an obvious advantage.} Nc5 {
Black doesn't succeed to complete the development of the kingside without
material damage:} (21... Ne7 22. Rfe1 Rd6 23. Ba3 $18) (21... Nh6 22. Ng5+ Nxg5
23. fxg5 Nf5 24. g4 $18) 22. Rxc4 {Again white threats with Ng5.} h6 {covering
the g5 square.} 23. Re1 $1 {keeping kingside' black pieces on beginning
positions.} (23. g4 $5) 23... Ne6 (23... Ne7 24. Ba3 $18) 24. Nd4 $1 {Black
has two active pieces on the board against four white's ones. It is a typical
decision to change one of the pieces of defensive side.} Rc5 25. Rxc5 {Now
black is playing only with one knight against three white's active pieces!}
Nxc5 26. Ba3 $18 {White is going to invade into black's camp with his forces
and to win the material.} Nd7 (26... Nb7 27. Ne6 c6 28. Nc7 $18) 27. Ne6 g5 (
27... Ne7 28. Ng5+ $1 $18) 28. Nd8+ Kg6 29. Re8 gxf4 30. Ne6 {It is the right
moment for capturing black pawns.} Kf7 (30... c6 31. Nxf4+ Kf5 32. Bd6 $18) 31.
Nxc7 h5 (31... a5 32. Bd6 $18) 32. Rd8 Ne5 33. Rf8+ Kg6 34. Nd5 Kg7 35. Nxf4 {
White is already pawn up, his pieces are much more active, so the rest is a
matter of an easy technique.} Rh7 36. Ra8 Kh8 37. Nd5 Kg7 (37... Rf7 38. Bb2
$18) 38. Bb2 Nd7 39. Rxa6 Kg6 40. Ra7 Kf5 41. a4 Ke6 42. Nb6 {Great play by
Grischuk leaves an impression of an easy victory.} 1-0